000 00845cam a22002653a 4500
001 8120
003 PGUSA
005 20140828083152.0
008 050501s2005||||xxu|||||s|||||000 | eng d
040 _aPGUSA
_beng
042 _adc
050 4 _aBX
100 1 _aTeresa, of Avila,
_cSaint,
_d1515-1582
245 1 4 _aThe Life of St. Teresa of Jesus, of the Order of Our Lady of Carmel
_h[electronic resource] /
_cof Avila, Teresa
260 _bProject Gutenberg,
_c2005
506 _aPublic domain in the USA.
516 _aElectronic text
653 _aChristian saints -- Spain -- Avila -- Biography
653 _aAvila (Spain) -- Biography
653 _aTeresa, of Avila, Saint, 1515-1582
700 1 _aLewis, David,
_d1814-1895
830 0 _aProject Gutenberg
_v8120
856 4 0 _uhttp://www.gutenberg.org/ebooks/8120
942 _cEB
999 _c237420
_d237420